Lego Ninjago Characters - Statistics

General Stats
  • This quiz has been taken 198 times
  • The average score is 8 of 8
Answer Stats
Hint Character % Correct
Master of Fire Kai
99%
Master of Ice Zane
99%
Master of Earth Cole
98%
Master of Lightning Jay
98%
Master of Energy Lloyd
97%
Master of Water Nya
96%
Master of Darkness Garmadon
91%
Master of Light Wu
90%
No matching quizzes found
Score Distribution
Percent of People with Each Score
Percentile by Number Answered
Your Score History
You have not taken this quiz